FIG Working Week 2009 (Record no. 121059)
[ view plain ]
| 000 -LEADER | |
|---|---|
| fixed length control field | 01373cad a22002055a 4500 |
| 001 - CONTROL NUMBER | |
| control field | L160093 |
| 008 - FIXED-LENGTH DATA ELEMENTS--GENERAL INFORMATION | |
| fixed length control field | 120529s2009 xxk g 000 0 eng d |
| 035 ## - SYSTEM CONTROL NUMBER | |
| System control number | (Sirsi) u160093 |
| 041 0# - LANGUAGE CODE | |
| Language code of text/sound track or separate title | eng |
| 110 ## - MAIN ENTRY--CORPORATE NAME | |
| Corporate name or jurisdiction name as entry element | Federation International Des Geometres |
| 111 2# - MAIN ENTRY--MEETING NAME | |
| Meeting name or jurisdiction name as entry element | FIG Working Week 2009 |
| Number [OBSOLETE] | Eilat, Israel |
| Location of meeting | 3-8 May 2009 |
| 245 00 - TITLE STATEMENT | |
| Title | FIG Working Week 2009 |
| Remainder of title | Surveyors key role in accelerated development |
| Medium | [electronic resource] |
| 260 ## - PUBLICATION, DISTRIBUTION, ETC. | |
| Place of publication, distribution, etc. | Eilat |
| Name of publisher, distributor, etc. | FIG |
| Date of publication, distribution, etc. | 2009 |
| 520 ## - SUMMARY, ETC. | |
| Summary, etc. | Presents papers from the 2009 International Federation of Surveyors conference. The conference theme was Surveyors key role in accelerated development. Discusses various measures to preserve and protect our fragile global environment. The "Location Strategy" of the British government and the Ordnance Survey slogan "everything happens somewhere" was a key issue in the conversation as well as the Swiss definition of mapping and cadastral data as national infrastructure. The group of the FIG Young Surveyors conducted a session and a few discussions regarding the encourgment of students and young professionals to take an active role at FIG. |
| 650 24 - SUBJECT ADDED ENTRY--TOPICAL TERM | |
| Topical term or geographic name entry element | CAREERS, EDUCATION AND TRAINING |
| 651 #4 - SUBJECT ADDED ENTRY--GEOGRAPHIC NAME | |
| Geographic name | International |
| 690 ## - LOCAL SUBJECT ADDED ENTRY--TOPICAL TERM (OCLC, RLIN) | |
| Topical term or geographic name as entry element | Geomatics |
| 9 (RLIN) | 6242 |
| 856 40 - ELECTRONIC LOCATION AND ACCESS | |
| Uniform Resource Identifier | <a href="https://fig.net/resources/proceedings/fig_proceedings/fig2009/techprog.htm">https://fig.net/resources/proceedings/fig_proceedings/fig2009/techprog.htm</a> |
| Public note | View the proceedings free of charge at fig.net |
| 942 ## - ADDED ENTRY ELEMENTS (KOHA) | |
| Suppress in OPAC | 0 |
| Withdrawn status | Lost status | Source of classification or shelving scheme | Damaged status | Not for loan | Home library | Current library | Shelving location | Date acquired | Total Checkouts | Full call number | Barcode | Date last seen | Copy number | Price effective from | Koha item type |
|---|---|---|---|---|---|---|---|---|---|---|---|---|---|---|---|
| Dewey Decimal Classification | Virtual | Virtual | Online | 23/05/2018 | WEB-SITE | 160093-2001 | 06/08/2019 | 1 | 06/08/2019 | Online material |